书目信息 |
| 题名: |
研究生英语应试教程
|
|
| 作者: | 涂荣英 编 | |
| 分册: | ||
| 出版信息: | 长沙 湖南大学出版社 1987.05 |
|
| 页数: | 107页 | |
| 开本: | 32开 | |
| 丛书名: | ||
| 单 册: | ||
| 中图分类: | H31 | |
| 科图分类: | ||
| 主题词: | 英语 | |
| 电子资源: | ||
| ISBN: | 7-314-00027-1 | |
| 000 | 00553nam0 2200193 45 | |
| 001 | 0006120542 | |
| 005 | 20000612051614.6 | |
| 010 | @a7-314-00027-1@d3.80元 | |
| 100 | @a20000612d1987 km y0chiy0120 ea | |
| 101 | 0 | @achi |
| 105 | @a z 000yy | |
| 200 | 1 | @a研究生英语应试教程@AYan Jiu Sheng Ying Yu Ying Shi Jiao Cheng@f涂荣英等编@FTu Rong Ying Deng Bian |
| 210 | @a长沙@c湖南大学出版社@d1987.05 | |
| 215 | @a107页@d32开 | |
| 606 | 0 | @a英语 |
| 690 | @aH31@v3 | |
| 701 | 0 | @a涂荣英@4编 |
| 801 | @aCN@bPftUser@c20000612 | |
| 905 | @b203837@dH31@eT923@f1 | |
| 研究生英语应试教程/涂荣英等编.-长沙:湖南大学出版社,1987.05 |
| 107页;32开 |
| ISBN 7-314-00027-1:3.80元 |
| ● |
| 相关链接 |
|
|
|
正题名:研究生英语应试教程
索取号:H31/T923
 
预约/预借
| 序号 | 登录号 | 条形码 | 馆藏地/架位号 | 状态 | 备注 |
| 1 | 203837 | 202038375 | 语言库209/209语言库 86排4列1层/ [索取号:H31/T923] | 在馆 |